000 00358nam a2200157Ia 4500
008 210716s1993 xx 000 0 und d
020 _a0312952711
041 _aeng
082 _a808.83 SMIS
100 _aSmith, Scott.
245 _aSimple plan.
250 _a1
260 _aNew York
_bSt Martins Press Inc
_c1993
300 _a417
650 _aNovels
999 _c200261
_d200261